书目信息 |
| 题名: |
当代中国民族民间舞蹈创作的审美与自觉
|
|
| 作者: | 许锐 编著 | |
| 分册: | ||
| 出版信息: | 上海 上海音乐出版社 2014 |
|
| 页数: | 212页 | |
| 开本: | 23cm | |
| 丛书名: | ||
| 单 册: | ||
| 中图分类: | J722.2 | |
| 科图分类: | ||
| 主题词: | 民族舞蹈--舞蹈创作--中国 , 民间舞蹈--舞蹈创作--中国 | |
| 电子资源: | ||
| ISBN: | 978-7-5523-0622-4 | |
| 000 | 00960nam0 2200241 450 | |
| 001 | 337671 | |
| 005 | 20150526101749.03 | |
| 010 | @a978-7-5523-0622-4@dCNY50.00 | |
| 100 | @a20140814d2014 em y0chiy0110 ea | |
| 101 | 0 | @achi |
| 102 | @aCN@b310000 | |
| 105 | @ay z 000yy | |
| 106 | @ar | |
| 200 | 1 | @a当代中国民族民间舞蹈创作的审美与自觉@Adang dai zhong guo min zu min jian wu dao chuang zuo de shen mei yu zi jiao@f许锐编著 |
| 210 | @a上海@c上海音乐出版社@d2014 | |
| 215 | @a212页@d23cm | |
| 330 | @a本书稿系北京舞蹈学院60周年院庆系列之一。内容由中国民族民间舞的概念、审美流变及动因、现时创作发展、新时期文化自觉五个部分组成, 对中国民族民间舞当代创作的审美形态及变化进行了全面而透彻的分析。是一部舞蹈工作者及爱好者的理论参考书籍, 具有一定的出版价值。 | |
| 606 | 0 | @a民族舞蹈@x舞蹈创作@y中国 |
| 606 | 0 | @a民间舞蹈@x舞蹈创作@y中国 |
| 690 | @aJ722.2@v5 | |
| 701 | 0 | @a许锐@Axu rui@4编著 |
| 801 | 0 | @aCN@b卓展宏图@c20150525 |
| 905 | @dJ722.2@e134@f4 | |
| 当代中国民族民间舞蹈创作的审美与自觉/许锐编著.-上海:上海音乐出版社,2014 |
| 212页;23cm |
| ISBN 978-7-5523-0622-4:CNY50.00 |
| 本书稿系北京舞蹈学院60周年院庆系列之一。内容由中国民族民间舞的概念、审美流变及动因、现时创作发展、新时期文化自觉五个部分组成, 对中国民族民间舞当代创作的审美形态及变化进行了全面而透彻的分析。是一部舞蹈工作者及爱好者的理论参考书籍, 具有一定的出版价值。 |
| ● |
| 相关链接 |
|
|
|
|
正题名:当代中国民族民间舞蹈创作的审美与自觉
索取号:J722.2/134
 
预约/预借
| 序号 | 登录号 | 条形码 | 馆藏地/架位号 | 状态 | 备注 |
| 1 | 854230 | 208542308 | 第一样本阅览室/ [索取号:J722.2/134] | 在馆 | |
| 2 | 854231 | 208542317 | 密集书库-音乐系/ [索取号:J722.2/134] | 在馆 | |
| 3 | 854232 | 208542326 | 第一借阅区/ [索取号:J722.2/134] | 在馆 | |
| 4 | 854233 | 208542335 | 第一借阅区/ [索取号:J722.2/134] | 在馆 |